000
00300nam a22001217a 4500
020
_a
9789991614182
100
_a
VAN ANTWERPEN E.G ,AVES J.P
245
_a
VEGETABLE CULTIVATION
250
_a
HANDBOOK- NEW EXTENDED ED.
260
_a
namibia
_b
LONGMAN
_c
2009
300
_a
20092160
_b
ILL
942
_c
BK
999
_c
251216
_d
251216